| 000 | 00939nab a22002177a 4500 | ||
|---|---|---|---|
| 999 |
_c5769 _d5769 |
||
| 003 | OSt | ||
| 005 | 20260105213516.0 | ||
| 008 | 190514b xxu||||| |||| 00| 0 spa d | ||
| 040 | _cPJ | ||
| 100 |
_96684 _aRestaino, Rocío |
||
| 245 | 1 | 3 |
_aLa infancia del folleto : _bun análisis sobre publicidad, género y niñez / _cRocío Restaino. |
| 300 | _ap. 27-34 | ||
| 505 | _aSumario: I. Introducción.— II. La infancia construida.— III. La infancia publicitada.— IV. La infancia silenciada y las nuevas voces que asoman. | ||
| 505 | _tSi te interesa el texto, comunicate a koha@justierradelfuego.gov.ar | ||
| 650 | 0 |
_9967 _aDERECHO DE FAMILIA |
|
| 650 | 0 |
_92741 _aDERECHOS DE LAS NIÑAS, NIÑOS Y ADOLESCENTES |
|
| 650 | 0 |
_aTECNOLOGIA DE LA INFORMACION _9289 |
|
| 650 | 0 |
_aPUBLICIDAD COMERCIAL _9652 |
|
| 773 | 0 |
_02844 _93222 _dBuenos Aires : AbeledoPerrot, 1989- _tDerecho de familia. N° 113 - Marzo 2024 _z18511201 |
|
| 942 |
_2udc _cANA |
||